00756nam a2200169Ia 4500008004100000020001800041041000800059082001500067100001900082245005900101260003200160300000900192500001000201999001700211952017800228952018000406220803s9999 xx 000 0 und d a9781842222065 aeng a720.92 CRA aCraze R925512 aVaastu : The Indian Spiritual Alternative To Feng Shui aLondonbCarlton Booksc2001 a144p aARCHI c16289d16289 001040708Book of B ArchaBNCAbBNCAd2016-12-20eSuyog Enterprisesg1087.53l4o728.38 CRApBNCA-BK-9982r2025-08-21 00:00:00s2025-08-13v1087.53w2016-12-16yBKzB09982 001040708Book of B ArchaBNCAbBNCAcA6d2018-09-12eWord Book Shopg2151.35l4o728.38 CRApBNCA-BK-10693r2026-02-06 10:05:49s2025-07-17v2186.35w2018-09-08yRFzB10693